| 000 | 01365cam a22003854a 4500 | ||
|---|---|---|---|
| 001 | 12064762 | ||
| 003 | OSt | ||
| 005 | 20140310181648.0 | ||
| 008 | 000620s2003 nyua c 000 1 eng | ||
| 010 | _a 00056570 | ||
| 020 | _a0439692423 | ||
| 040 |
_aDLC _cDLC _dDLC |
||
| 042 |
_apcc _alcac |
||
| 050 | 0 | 0 |
_aPZ 7 _b.D748 2003 |
| 082 | 0 | 0 |
_aKF _bD75h 2003 |
| 100 | 1 |
_aDowner, Ann, _d1960- _96253 |
|
| 245 | 1 | 0 |
_aHatching magic / _cAnn Downer |
| 250 | _a1st ed. | ||
| 260 |
_aNew York : _bScholastic Inc, _cc2003. |
||
| 300 |
_a242 p. _bill. ; _c22 cm. |
||
| 541 | _j1 | ||
| 562 | _e1 | ||
| 650 | 1 |
_aWizards _vFiction. _96254 |
|
| 650 | 1 |
_aDragons _vFiction. _96255 |
|
| 650 | 1 |
_aTime travel _vFiction. _96256 |
|
| 650 | 1 |
_aMagic _vFiction. _96257 |
|
| 650 | 1 |
_aFathers and daughters _vFiction. _96258 |
|
| 650 | 1 |
_aNannies _vFiction. _96259 |
|
| 856 | 4 | 2 |
_3Contributor biographical information _uhttp://www.loc.gov/catdir/bios/simon052/00056570.html |
| 856 | 4 | 2 |
_3Publisher description _uhttp://www.loc.gov/catdir/description/simon033/00056570.html |
| 856 | 4 | 1 |
_3Sample text _uhttp://www.loc.gov/catdir/enhancements/fy0641/00056570-s.html |
| 906 |
_a7 _bcbc _corignew _d1 _eocip _f20 _gy-gencatlg |
||
| 942 |
_2lcc _cBK-KF _kKF |
||
| 999 |
_c943 _d943 |
||